Normal view
MARC view
Entry Topical Term
001 - CONTROL NUMBER
- control field: 244094
003 - CONTROL NUMBER IDENTIFIER
- control field: OSt
005 - DATE AND TIME OF LATEST TRANSACTION
- control field: 20251105123219.0
008 - FIXED-LENGTH DATA ELEMENTS
- fixed length control field: 251105|| aca||aabn | a|a d
040 ## - CATALOGING SOURCE
- Original cataloging agency: OSt
- Transcribing agency: OSt
150 ## - HEADING--TOPICAL TERM
- Topical term or geographic name entry element: samrajya
670 ## - SOURCE DATA FOUND
- Source citation: Work cat.: (OSt)116384: KANNADA MATTU SAMSKRATI ILAKHE ಕನ್ನಡ ಮತ್ತು ಸಂಸ್ಕೃತಿ ಇಲಾಖೆ 244090, Karnatakada parampare samputa 1: adi kala ( Prgaitihasika kaladinda vijayanagara samrajya kaladavarege), 2006